000
00299nam a2200121Ia 4500
008
190216s9999||||xx |||||||||||||| ||und||
100
_a
Vallathol
245
0
_a
Vallothol Russiyalil
260
_b
"Vallathol Grandhalayam, Cheruthuruthi"
_c
1963
300
_a
33p
650
_a
Kavithakal
942
_c
BK
999
_c
25105
_d
25105